00813cam a2200229 a 450000100100000000500170001000800410002704000230006808200190009110000390011024500700014926000320021930000200025149000300027165000290030165000320033083000400036291000340040204900090043695201230044599900150056800001010420200929161839.0820622s1981 ve 000 0 spa  aDO-SdBNPcDLCdDLC aV862.44bC112u1 aCaballero, Néstor,d1953-92509513aLa última actuación de Sarah Bernhardt /cNéstor Caballero. aCaracas :bFundarte,c1981. a61 p. ;c21 cm.1 aCuadernos de difusionv53 4aTeatro venezolano923074 4aLiteratura venezolana93816 0aCuadernos de difusión ;v5396694 aCatalogación por copia / LC aBNGR 001052708MOaGRbGRcCTd2009-10-03iLF1l0oV862.44 C112up10104-10r2020-06-25w2020-06-25y2ZPréstamo interno c9863d9863